|
|
|
|
| LEADER |
00688nam a22001817a 4500 |
| 082 |
|
|
|a 894.M3
|b JOH8/T M1
|
| 100 |
|
|
|a ടി സി ജോണ്;
|9 9394
|
| 100 |
|
|
|a T C John
|9 9395
|
| 240 |
|
|
|a Thekku
|
| 245 |
|
|
|a തേക്ക്
|
| 250 |
|
|
|a 1st
|
| 260 |
|
|
|a Thiruvananthapuram;
|b Deshabhimani Book House;
|c 1981
|
| 300 |
|
|
|a 111p.
|
| 650 |
|
|
|a മലയാളം; മലയാളം നോവല്
|9 3
|
| 650 |
|
|
|a Malayalam; Malayalam Novel; Literature; Malayalam Fiction
|9 9396
|
| 942 |
|
|
|c BK
|
| 999 |
|
|
|c 32338
|d 32338
|
| 952 |
|
|
|0 0
|1 0
|4 0
|6 894_000000000000000_M3_JOH8_T_M1
|7 0
|8 FIC
|9 35700
|a MAL
|b MAL
|d 2015-05-09
|e 29325
|g 6.00
|l 0
|o 894.M3 JOH8/T M1
|p MAL029325
|r 2015-05-09
|t 1
|w 2015-05-09
|y BK
|